| 000 | 00574nam a2200229Ia 4500 | ||
|---|---|---|---|
| 008 | 170712s9999 xx 000 0 und d | ||
| 050 | _a616.85 | ||
| 050 | _bG216 2009 | ||
| 100 | _aGarcia, Fanny A. | ||
| 245 | _aJourneys with my autistic son / | ||
| 245 | _cby Fanny A. Garcia. | ||
| 260 | _aPhilippines : | ||
| 260 | _bAnvil, | ||
| 260 | _c2009 | ||
| 300 | _a206 pages : | ||
| 300 | _billustrations ; | ||
| 300 | _c22cm. | ||
| 650 | _aAutistic children -- | ||
| 650 | _aTalampas, Erick Garcia. | ||
| 650 | _aTitle. | ||
| 650 | _xPhilippines -- Biography. | ||
| 999 |
_c340412 _d340412 |
||